| 000 | 00654nam a2200193 a 4500 | ||
|---|---|---|---|
| 005 | 20250107105939.0 | ||
| 008 | 991125s1982 mx 000 0 spa u | ||
| 035 | _aUPN01000001519 | ||
| 049 | _aCG | ||
| 050 | 4 |
_aLC5255 A432 _bG3.3 |
|
| 100 | 1 | _aGarcía Huidobro, Juan Eduardo | |
| 245 | 1 | 0 |
_aAlfabetización y educación de adultos en la región andina / _cJuan Eduardo García Huidobro. |
| 260 |
_aPátzcuaro, Mich. : _bCREFAL : _bUNESCO, _c1982. |
||
| 300 | _a400 p. | ||
| 440 | 0 |
_aRetablo de papel ; _v6 |
|
| 650 | 4 |
_aAlfabetización (Educación) _zAmérica del Sur _91834 |
|
| 650 | 4 |
_aEDUCACION DE ADULTOS - _zAMERICA DEL SUR _915684 |
|
| 905 | _aLibro | ||
| 999 |
_c1519 _d1519 |
||